[Event "Subang Jaya op 12th"]
[Site "Subang Jaya"]
[Date "2024.01.28"]
[Round "6"]
[White "Khor, Zhi Chong"]
[Black "Chong, Bok Siong"]
[Result "0-1"]
[WhiteElo "1230"]
[BlackElo "1455"]
[PlyCount "42"]
[EventDate "2024.01.27"]
[EventType "swiss"]
[EventRounds "8"]
[EventCountry "MAS"]
[SourceTitle "CB06_2024"]
[SourceDate "2024.02.07"]
[SourceVersion "1"]
[SourceVersionDate "2024.02.07"]
[SourceQuality "1"]

1. b3 e5 2. Bb2 Nc6 3. e3 Nf6 4. Bb5 Bd6 5. Nf3 e4 6. Bxc6 dxc6 7. Nd4 a6 8. h3 c5 9. Ne2 0-0 10. d4 Qe7 11. 0-0 Rd8 12. Qc1 Nh5 13. dxc5 Bxc5 14. Kh2 Bd6+ 15. Kh1 Qh4 16. Rd1 Bxh3 17. gxh3 Qxh3+ 18. Kg1 Bh2+ 19. Kh1 Bg3+ 20. Kg1 Qh2+ 21. Kf1 Qxf2# 0-1